Annual report, 2018-19 (Record no. 524716)

000 -LEADER
fixed length control field 00284nam a2200097 4500
082 ## - DEWEY DECIMAL CLASSIFICATION NUMBER
Classification number A45:R8/2018.-19
100 ## - MAIN ENTRY--PERSONAL NAME
Personal name India.National Institute of Labour Economics Research and Development
9 (RLIN) 13040
245 ## - TITLE STATEMENT
Title Annual report, 2018-19
260 ## - PUBLICATION, DISTRIBUTION, ETC. (IMPRINT)
Place of publication, distribution, etc Delhi
Name of publisher, distributor, etc The author
Date of publication, distribution, etc 2019
300 ## - PHYSICAL DESCRIPTION
Extent 84p.
Holdings
Withdrawn status Lost status Source of classification or shelving scheme Damaged status Koha normalized classification for sorting Not for loan Permanent location Current location Date acquired Full call number Barcode Date last seen Price effective from Koha item type
        A_45R8_2018_000000000000000_19   Indian Institute of Public Administration Indian Institute of Public Administration 2024-01-15 A45:R8/2018.-19 gg35057 2024-01-15 2024-01-15 GG

Powered by Koha